Výchovná práca v jasliach a materských školách.

Bibliographic Details
Main Author: Bartušková, Marie, 1900-1978 (Author)
Format: Article
Language:Czech

MARC

LEADER 00000nab a2200000uu 4500
001 vtls011437274
003 SK-MaSNL
005 20260303145657.0
008 230222| xo |||||||||||||||||cze|
015 |a SNBRB 
035 |a (urnnbn)urn:nbn:sk:snk:ar-002j1c 
035 |a (uuid)a3fd418e-a993-4f94-ae76-a1deeb5d1f7d 
035 |a urn:nbn:sk:snk-abccgx 
040 |a SNKBUCL  |b slo  |c SNKBUCL  |e AACR2 
041 0 |a cze 
044 |a xo  |c SK 
100 1 |a Bartušková, Marie,  |d 1900-1978  |4 aut  |9 108853 
245 1 0 |a Výchovná práca v jasliach a materských školách.  |c M. Bartušková 
773 0 |t Predškolská výchova : pedagogický časopis pre učiteľky materských škôl  |g Roč. 19, č. 1 (1964-1965), s. 38-39 
958 |a OND 
958 |a EUIPO 
958 |a article16 
999 |c 2004459  |d 2006389